| 000 | 02023cam a2200385 i 4500 | ||
|---|---|---|---|
| 001 | 21597598 | ||
| 005 | 20230518102510.0 | ||
| 008 | 200701s2021 caua 001 0 eng | ||
| 010 | _a 2020029866 | ||
| 020 |
_a9781718500907 _q(pbk.) |
||
| 020 |
_z9781718500914 _q(ebook) |
||
| 040 |
_aDLC _beng _cDLC _erda _dDLC |
||
| 042 | _apcc | ||
| 050 | 0 | 0 |
_aTK5105.8857 _b.C533 2021 |
| 082 | 0 | 0 |
_a005.87 _223 _bCHA |
| 100 | 1 |
_aChantzis, Fotios, _eauthor. _9112428 |
|
| 245 | 1 | 0 |
_aPractical IoT hacking : _bthe definitive guide to attacking the internet of things / _cby Fotios Chantzis, Ioannis Stais, Paulino Calderon, Evangelos Deirmentzoglou, and Beau Woods. |
| 264 | 1 |
_aSan Francisco : _bNo Starch Press, Inc., _c[2021] |
|
| 300 |
_axx, 434 pages : _billustrations ; _c24 cm |
||
| 336 |
_atext _btxt _2rdacontent |
||
| 337 |
_aunmediated _bn _2rdamedia |
||
| 338 |
_avolume _bnc _2rdacarrier |
||
| 500 | _aIncludes index. | ||
| 520 |
_a"A guide to hacking internet of things (IoT) systems, such as medical devices, home assistants, and smart objects. Explores vulnerabilities and security flaws found in these devices and explains the protocols they use to communicate over networks. Includes practical exercises and hands-on examples"-- _cProvided by publisher. |
||
| 650 | 0 |
_aInternet of things _xSecurity measures. _9100469 |
|
| 650 | 0 |
_aPenetration testing (Computer security) _994117 |
|
| 700 | 1 |
_aStais, Ioannis, _eauthor. _9112429 |
|
| 700 | 1 |
_aCalderon, Paulino, _eauthor. _9112430 |
|
| 700 | 1 |
_aDeirmentzoglou, Evangelos, _eauthor. _9112431 |
|
| 700 | 1 |
_aWoods, Beau, _eauthor. _9112432 |
|
| 776 | 0 | 8 |
_iOnline version: _aChantzis, Fotios, _tPractical IoT hacking _dSan Francisco : No Starch Press, Inc., 2020. _z9781718500914 _w(DLC) 2020029867 |
| 906 |
_a7 _bcbc _corignew _d1 _eecip _f20 _gy-gencatlg |
||
| 942 |
_2ddc _cBK |
||
| 999 |
_c594802 _d594802 |
||